00550nam a22001457a 4500003001500000005001700015008004100032020001800073040002000091041001200111082002300123245009300146260011000239300005500349Oomen, Barbara20220304120559.0220304b sa ||||| |||| 00| 0 eng d a9780852558805 aOCLCcOCLCeRDA aENGLISH aNF 321.10968bBARB aChiefs in South Africa b/law, power & culture in the post-apartheid eracOomen, Barbara aOxford : J. Currey ; Pietermaritzburg :b University of KwaZulu-Natal Press ; New York : Palgrave,c 2005 aXI, 272 p., [3] c. di tav. b illustrationc23 cm